Statistiques concernant Les équipes de la MLB

Cliquez ici pour prendre le quiz!

Statistiques générales

  • Ce quiz a été pris 481 fois
  • Le résultat moyen est 21 sur 30

Statistiques - réponses

Équipe% Correct
Reds de Cincinnati
96%
Yankees de New York
95%
Red Sox de Boston
87%
White Sox de Chicago
86%
Mets de New York
85%
Dodgers de Los Angeles
83%
Blue Jays de Toronto
80%
Cubs de Chicago
79%
Giants de San Francisco
78%
Astros de Houston
75%
Angels de Los Angeles
73%
Orioles de Baltimore
71%
Marlins de Miami
70%
Rays de Tampa Bay
70%
Padres de San Diego
68%
Phillies de Philadelphie
68%
Mariners de Seattle
67%
Rangers du Texas
67%
Pirates de Pittsburgh
65%
Braves d'Atlanta
64%
Cardinals de Saint-Louis
63%
Brewers de Milwaukee
61%
Nationals de Washington
61%
Diamondbacks de l'Arizona
59%
Athletics d'Oakland
57%
Rockies du Colorado
57%
Royals de Kansas City
56%
Tigers de Détroit
56%
Twins du Minnesota
54%
Indians de Cleveland
52%

Distribution des résultats

Percentile par nombre de réponses

% des personnes avec chaque résultat

Votre développement - résultats

Vous n’avez pas pris ce quiz